Nombre de réceptacles de coeurs maximum dans les jeux Zelda - Statistiques

Statistiques générales
  • Ce quiz a été pris 81 fois
  • Le résultat moyen est 17 sur 19
Statistiques - réponses
Jeu Réceptacles de coeurs max % Correct
Four Swords 2
100%
Four Swords Aventures 72
100%
Breath of the Wild 30
97%
The Adventure of Link 4
97%
A Link to the Past 20
92%
Ocarina of Time 20
92%
Majora's Mask 20
92%
The Wind Waker 20
92%
The Minish Cap 20
92%
Twilight Princess 20
92%
Skyward Sword 20
92%
A Link Between Worlds 20
92%
The Legend of Zelda 12
88%
Tears of the Kingdom 38
88%
Link's Awakening 14
83%
Oracle of Ages 14
83%
Oracle of Seasons 14
83%
Phantom Hourglass 16
83%
Spirit Tracks 16
83%
Aucun quiz correspondant
Distribution des résultats
% des personnes avec chaque résultat
Percentile par nombre de réponses
Votre historique - résultats
Vous n’avez pas pris ce quiz